[Event "II Open"]
[Site "Cortina d'Ampezzo ITA"]
[Date "2013.09.14"]
[Round "6"]
[White "Gaspari, Mauro"]
[Black "De Santis, Alessio"]
[WhiteElo "1983"]
[BlackElo "2295"]
[Result "1/2-1/2"]
[PlyCount "29"]
[EventDate "2013.09.10"]

1. c4 f5 2. g3 Nf6 3. Nc3 g6 4. Bg2 Bg7 5. e3 O-O 6. Nge2 c6 7. d4 d6 8. O-O
Na6 9. b3 Qe8 10. Bb2 g5 11. Qd2 Qg6 12. f4 h6 13. d5 c5 14. a3 Bd7 15. Rab1
1/2-1/2

[Event "II Open"]
[Site "Cortina d'Ampezzo ITA"]
[Date "2013.09.14"]
[Round "6"]
[White "Mancin, Michele"]
[Black "Girardelli, Daniel"]
[WhiteElo "1772"]
[BlackElo "1518"]
[Result "1-0"]
[PlyCount "69"]
[EventDate "2013.09.10"]

1. e4 e5 2. Nf3 d6 3. d4 exd4 4. Nxd4 Nf6 5. Nc3 Bd7 6. Bc4 Nc6 7. O-O Be7 8.
Bg5 O-O 9. Re1 h6 10. Bh4 Ng4 11. Bxe7 Qxe7 12. h3 Nge5 13. Nxc6 bxc6 14. Bb3
Qg5 15. Re3 Qf6 16. Qe2 Be6 17. Rf1 Bxb3 18. cxb3 Ng6 19. Rg3 Qe5 20. Qc4 Nf4
21. Qxc6 Ne6 22. Kh1 Rab8 23. Qc4 Qd4 24. Qxd4 Nxd4 25. Nd5 f5 26. exf5 Rxf5
27. Ne7+ Kh7 28. Nxf5 Nxf5 29. Rf3 Nd4 30. Rf7 Rc8 31. Rc1 Ne6 32. Re7 Nc5 33.
Rc3 Rf8 34. Rg3 Rxf2 35. Rexg7+ 1-0

[Event "II Open"]
[Site "Cortina d'Ampezzo ITA"]
[Date "2013.09.14"]
[Round "6"]
[White "Ravagnani, Tiziano"]
[Black "Maddaloni, Giovanni"]
[WhiteElo "1984"]
[BlackElo "1709"]
[Result "1/2-1/2"]
[PlyCount "100"]
[EventDate "2013.09.10"]

1. e4 c5 2. Nf3 d6 3. d4 cxd4 4. Nxd4 Nf6 5. Nc3 g6 6. Be3 Bg7 7. f3 a6 8. Qd2
b5 9. a3 Bb7 10. O-O-O Nbd7 11. Nb3 O-O 12. Bh6 Rc8 13. Bxg7 Kxg7 14. h4 h5 15.
g4 Ne5 16. Nd4 hxg4 17. Bd3 gxf3 18. h5 Rh8 19. hxg6 e6 20. gxf7 Kxf7 21. Qf4
Nxd3+ 22. cxd3 e5 23. Ne6 Kxe6 24. Qxf3 d5 25. Qf5+ Kf7 26. Kb1 Qd7 27. Qxe5
Rxh1 28. Rxh1 dxe4 29. Qf4 Qxd3+ 30. Ka1 e3 31. Rd1 Rxc3 32. Rxd3 Rxd3 33. Qf1
Be4 34. a4 Ke6 35. axb5 axb5 36. Qe2 Ke5 37. Qh2+ Kd5 38. Ka2 b4 39. Qe2 Kd4
40. Qh2 Rd2 41. Qh8 e2 42. Qxf6+ Kd3 43. Qd6+ Kc2 44. Qc5+ Kd1 45. Qh5 Kc1 46.
Qc5+ Bc2 47. Qg1+ Bd1 48. Qc5+ Bc2 49. Qg1+ Bd1 50. Qc5+ Bc2 1/2-1/2

[Event "II Open"]
[Site "Cortina d'Ampezzo ITA"]
[Date "2013.09.14"]
[Round "6"]
[White "Senesi, Glauco"]
[Black "Zangrando, Gianpietro"]
[WhiteElo "1748"]
[BlackElo "1811"]
[Result "0-1"]
[PlyCount "126"]
[EventDate "2013.09.10"]

1. d4 e6 2. Nf3 d5 3. e3 f5 4. Bd3 Nf6 5. Nbd2 Bd6 6. c4 c6 7. Ne5 O-O 8. O-O
Nbd7 9. f4 Ne4 10. Ndf3 Rf6 11. Bd2 Rh6 12. cxd5 cxd5 13. Be1 Be7 14. Rc1 Nxe5
15. Nxe5 Bd7 16. Nxd7 Qxd7 17. Bxe4 dxe4 18. Rf2 g5 19. Rfc2 gxf4 20. Rc7 Qd6
21. exf4 Bf6 22. Qc2 Bxd4+ 23. Kh1 Rf6 24. a3 Rf7 25. Rc4 Bf6 26. Bd2 Rd8 27.
Be3 Qd3 28. Bxa7 Rfd7 29. h3 Qg3 30. Rc8 Kf7 31. Rxd8 Bxd8 32. Bf2 Qd3 33. Qxd3
Rxd3 34. Rc3 Rd2 35. Be3 Rxb2 36. Bd4 Rd2 37. Bc5 Rd1+ 38. Kh2 Bc7 39. g3 Rd3
40. Rc2 Ba5 41. Bb4 Bxb4 42. axb4 e3 43. Rc1 e2 44. Re1 Re3 45. Kg2 b5 46. Kf2
Re4 47. Rxe2 Rxb4 48. Re1 Ke7 49. Rd1 Rb2+ 50. Ke3 Rb3+ 51. Kf2 b4 52. Rh1 Rc3
53. Rb1 b3 54. h4 h5 55. Kg2 Kd6 56. Rd1+ Kc6 57. Re1 Kd5 58. Re5+ Kc4 59. Rxe6
Kd3 60. g4 b2 61. Rb6 Kc2 62. Rb5 b1=Q 63. Rxf5 Qb7+ 0-1

[Event "II Open"]
[Site "Cortina d'Ampezzo ITA"]
[Date "2013.09.14"]
[Round "6"]
[White "Sigillo, Carmelo"]
[Black "Gulinelli, Euro"]
[WhiteElo "1734"]
[BlackElo "1594"]
[Result "1-0"]
[PlyCount "93"]
[EventDate "2013.09.10"]

1. e4 c6 2. Nc3 d5 3. Nf3 dxe4 4. Nxe4 Bg4 5. h3 Bh5 6. Ng3 Bxf3 7. Qxf3 e6 8.
Bc4 Nf6 9. O-O Be7 10. Re1 O-O 11. a4 a5 12. Qb3 Nd5 13. Bxd5 Qxd5 14. Re3 Bc5
15. Rd3 Qxb3 16. Rxb3 b6 17. Ne4 Nd7 18. Nxc5 bxc5 19. Rb7 Rfd8 20. Ra3 c4 21.
Rc3 Nc5 22. Rc7 Ne4 23. Rf3 f6 24. Rxc6 Nxd2 25. Re3 Nb3 26. cxb3 Rd1+ 27. Kh2
Rxc1 28. bxc4 Rc2 29. b3 Rxf2 30. Rcxe6 Rb2 31. c5 Rc2 32. c6 Rc8 33. Re8+ Rxe8
34. Rxe8+ Kf7 35. Ra8 Rxc6 36. Rxa5 Kg6 37. b4 Rc2 38. b5 Rb2 39. Ra6 Kg5 40.
b6 f5 41. a5 f4 42. Ra7 Kf6 43. Kg1 h5 44. b7 Kf5 45. a6 f3 46. Ra8 Rxg2+ 47.
Kf1 1-0

[Event "II Open"]
[Site "Cortina d'Ampezzo ITA"]
[Date "2013.09.14"]
[Round "6"]
[White "Tomio, Dante"]
[Black "Obersteiner, Stefan"]
[WhiteElo "1882"]
[BlackElo "1679"]
[Result "1/2-1/2"]
[PlyCount "45"]
[EventDate "2013.09.10"]

1. d4 Nf6 2. Nf3 g6 3. c4 d5 4. cxd5 Nxd5 5. e4 Nf6 6. Nc3 Bg7 7. Bc4 O-O 8. h3
Nc6 9. O-O a6 10. a4 b6 11. Be3 Na5 12. Ba2 Nc6 13. Rc1 Nb4 14. Bb3 Bb7 15. Bf4
e6 16. Re1 Rc8 17. Qd2 c5 18. Be5 c4 19. Bc2 Nxc2 20. Qxc2 Bh6 21. Rcd1 Nd7 22.
Bg3 Qf6 23. e5 1/2-1/2

[Event "II Open"]
[Site "Cortina d'Ampezzo ITA"]
[Date "2013.09.15"]
[Round "7"]
[White "Buratti, Marco"]
[Black "Tomio, Dante"]
[WhiteElo "1996"]
[BlackElo "1882"]
[Result "1-0"]
[PlyCount "155"]
[EventDate "2013.09.10"]

1. e4 c5 2. Nc3 Nc6 3. Bc4 e6 4. d3 g6 5. Nge2 Bg7 6. O-O a6 7. a4 Nge7 8. Ng3
O-O 9. f4 d5 10. Ba2 dxe4 11. Ncxe4 Nf5 12. c3 b6 13. Qf3 Bb7 14. Nxf5 exf5 15.
Ng5 h6 16. Nh3 Na5 17. Qg3 Bd5 18. Bxd5 Qxd5 19. Bd2 Rad8 20. Nf2 Nb3 21. Rad1
Qc6 22. Rfe1 Nxd2 23. Rxd2 Qxa4 24. Qf3 Rfe8 25. Red1 Re7 26. g3 Rde8 27. d4
cxd4 28. cxd4 Re1+ 29. Kg2 R1e3 30. Qd5 Re2 31. b3 Qb4 32. Rxe2 Rxe2 33. Qa8+
Kh7 34. Qxa6 Rd2 35. Rxd2 Qxd2 36. Qd3 Qxd3 37. Nxd3 Bxd4 38. Nb4 Kg7 39. Nc6
Bc3 40. Kf3 f6 41. Ke3 g5 42. Ne7 Bb4 43. Nxf5+ Kg6 44. g4 Ba3 45. Ke4 Bc1 46.
Ne7+ Kf7 47. Nd5 b5 48. f5 Bb2 49. h3 Be5 50. Kd3 Ke8 51. Ne3 Kd7 52. Ke4 Kc6
53. Nd5 Kc5 54. Ne7 Bb2 55. Kd3 Kb4 56. Kc2 Ba1 57. Ng8 Be5 58. Nxh6 Ka3 59.
Nf7 Bd4 60. Nd6 Kb4 61. Ne4 Be5 62. Nf2 Bd4 63. Nd3+ Ka3 64. Nc1 Be5 65. Ne2
Kb4 66. Ng1 Ba1 67. Nf3 Bc3 68. h4 gxh4 69. Nxh4 Be5 70. Nf3 Bf4 71. Nd4 Ka5
72. Kd3 Kb4 73. Ke4 Bd2 74. Kd5 Bc3 75. g5 fxg5 76. f6 Ka5 77. f7 Bd2 78. Ke4
1-0

[Event "II Open"]
[Site "Cortina d'Ampezzo ITA"]
[Date "2013.09.15"]
[Round "7"]
[White "Caldara, Sisto"]
[Black "Sigillo, Carmelo"]
[WhiteElo "1813"]
[BlackElo "1734"]
[Result "1-0"]
[PlyCount "47"]
[EventDate "2013.09.10"]

1. d4 Nf6 2. c4 e5 3. dxe5 Ng4 4. Bf4 Bb4+ 5. Nc3 Nc6 6. Nf3 Qe7 7. Qd5 f6 8.
exf6 Nxf6 9. Qd3 d6 10. g3 a5 11. Bg2 Rb8 12. O-O O-O 13. Bg5 Bxc3 14. bxc3 Ne5
15. Nxe5 Qxe5 16. Bf4 Qh5 17. f3 Be6 18. Rfb1 Qc5+ 19. Be3 Qxc4 20. Qxc4 Bxc4
21. Ba7 Rbe8 22. Rxb7 Rxe2 23. Bf1 Rxa2 24. Bxc4+ 1-0

[Event "II Open"]
[Site "Cortina d'Ampezzo ITA"]
[Date "2013.09.15"]
[Round "7"]
[White "De Santis, Alessio"]
[Black "Obersteiner, Stefan"]
[WhiteElo "2295"]
[BlackElo "1679"]
[Result "1-0"]
[PlyCount "145"]
[EventDate "2013.09.10"]

1. d4 d5 2. Nf3 Nf6 3. g3 Nbd7 4. Bg2 c6 5. O-O e6 6. b3 Bd6 7. Bb2 O-O 8. c4
Re8 9. Nbd2 h6 10. Qc2 Rb8 11. Rad1 Qe7 12. e4 dxe4 13. Nxe4 Nxe4 14. Qxe4 Nf8
15. Rfe1 Qc7 16. Qd3 Rd8 17. Qc3 f6 18. c5 Be7 19. Nd2 Bd7 20. Nc4 Be8 21. Bc1
Qd7 22. Bf3 Bg6 23. Bf4 Ra8 24. a4 Bf5 25. a5 g5 26. Bd6 g4 27. Be4 Bxd6 28.
Nxd6 Bxe4 29. Rxe4 f5 30. Re2 b6 31. a6 b5 32. Rde1 Qg7 33. Re5 Rd7 34. b4 Rad8
35. f4 h5 36. Qb3 Kh8 37. Qe3 Kh7 38. Qf2 Kh8 39. Qg2 Rc7 40. Qa2 Rcd7 41. Qg2
Rc7 42. h4 Rdd7 43. Ne8 Qf7 44. Nxc7 Rxc7 45. Kh2 Qd7 46. Qf2 Qc8 47. Qa2 Qd8
48. Qa1 Kh7 49. Qa5 Rd7 50. Qxd8 Rxd8 51. Rxe6 Nxe6 52. Rxe6 Rxd4 53. Rxc6 Rd7
54. Rc8 Kg7 55. Rb8 Kf6 56. Rxb5 Ke6 57. c6 Rd2+ 58. Kg1 Kd6 59. Rc5 Kc7 60. b5
Rd3 61. Rxf5 Rxg3+ 62. Kf2 Rf3+ 63. Kg2 Rb3 64. Rxh5 Kb6 65. Rg5 g3 66. h5 Re3
67. h6 Re8 68. h7 Rh8 69. Rh5 Kc7 70. Kxg3 Kd6 71. Kg4 Kc7 72. Kg5 Kd6 73. Kg6
1-0

[Event "II Open"]
[Site "Cortina d'Ampezzo ITA"]
[Date "2013.09.15"]
[Round "7"]
[White "Girardelli, Daniel"]
[Black "De Polzer, Manfredi"]
[WhiteElo "1518"]
[BlackElo "1682"]
[Result "0-1"]
[PlyCount "46"]
[EventDate "2013.09.10"]

1. e4 e6 2. Nf3 d5 3. e5 a6 4. d4 c5 5. Be3 Qb6 6. b3 Nc6 7. Be2 cxd4 8. Bxd4
Bc5 9. c3 Nge7 10. Bxc5 Qxc5 11. O-O Ng6 12. Kh1 Ncxe5 13. Nxe5 Nxe5 14. Qd4
Qxd4 15. cxd4 Nc6 16. Rd1 Bd7 17. Nc3 b5 18. Bxb5 axb5 19. Nxb5 Ke7 20. a3 Rhc8
21. Rdc1 Na5 22. Rc7 Nxb3 23. Rxc8 Rxc8 0-1

[Event "II Open"]
[Site "Cortina d'Ampezzo ITA"]
[Date "2013.09.15"]
[Round "7"]
[White "Gulinelli, Euro"]
[Black "Masini, Michele"]
[WhiteElo "1594"]
[BlackElo "1659"]
[Result "1/2-1/2"]
[PlyCount "97"]
[EventDate "2013.09.10"]

1. e4 e5 2. Nf3 Nf6 3. Nxe5 d6 4. Nf3 Nxe4 5. d4 d5 6. Bd3 Bd6 7. O-O O-O 8. c4
c6 9. Nc3 Nxc3 10. bxc3 dxc4 11. Bxc4 Bg4 12. Qd3 h6 13. h3 Bxf3 14. Qxf3 Nd7
15. Rb1 Rb8 16. Bd2 Qf6 17. Qg4 Nb6 18. Bb3 Rfe8 19. c4 Bc7 20. Bc3 Qf4 21.
Qxf4 Bxf4 22. g3 Bc7 23. Rfe1 Nd7 24. Rxe8+ Rxe8 25. Re1 Rxe1+ 26. Bxe1 g5 27.
Bc3 Nf6 28. Bc2 Ne8 29. c5 f6 30. Kg2 Kf7 31. g4 Ng7 32. Bb3+ Ke7 33. Kf3 h5
34. Ke4 h4 35. f3 Ne6 36. Bxe6 Kxe6 37. Bd2 b5 38. cxb6 axb6 39. f4 gxf4 40.
Bxf4 Bxf4 41. Kxf4 b5 42. Ke4 b4 43. Ke3 Kd5 44. Kd3 c5 45. dxc5 Kxc5 46. Kd2
Kd4 47. Kc2 Ke3 48. Kb3 Kf3 49. Kxb4 1/2-1/2

[Event "II Open"]
[Site "Cortina d'Ampezzo ITA"]
[Date "2013.09.15"]
[Round "7"]
[White "Kofler, Albin"]
[Black "Mancin, Michele"]
[WhiteElo "1757"]
[BlackElo "1772"]
[Result "0-1"]
[PlyCount "108"]
[EventDate "2013.09.10"]

1. d4 d5 2. c4 c6 3. Nc3 Nf6 4. Nf3 e6 5. Bg5 h6 6. Bh4 Be7 7. e3 O-O 8. Bd3
dxc4 9. Bxc4 b5 10. Bd3 a6 11. O-O Bb7 12. Rc1 Nbd7 13. Bb1 Rc8 14. Qc2 g6 15.
Rfd1 c5 16. Bxf6 Bxf6 17. Ne5 Bxe5 18. dxe5 Qe7 19. f4 c4 20. Ne2 Nc5 21. Ng3
Nd3 22. Qe2 Nxc1 23. Rxc1 Qh4 24. Be4 Bxe4 25. Nxe4 Qe7 26. Qe1 Rcd8 27. Nf6+
Kg7 28. Qh4 Qc7 29. Rf1 Rd2 30. Ng4 Rh8 31. Qf6+ Kg8 32. h4 Qd8 33. Rf2 Rd1+
34. Kh2 Qxf6 35. Nxf6+ Kf8 36. Ne4 Ke7 37. g4 Re1 38. Nc5 Rxe3 39. Nxa6 Ra8 40.
Nb4 Rc8 41. f5 Rxe5 42. fxe6 Kxe6 43. Nc2 Rd8 44. Nb4 Rc8 45. Nc2 Re4 46. Kg3
h5 47. g5 c3 48. b3 Rd8 49. Rf6+ Ke7 50. Rf3 Rc8 51. Rd3 Re2 52. Nd4 Rxa2 53.
Nxb5 c2 54. Re3+ Kf8 0-1

[Event "II Open"]
[Site "Cortina d'Ampezzo ITA"]
[Date "2013.09.15"]
[Round "7"]
[White "Maddaloni, Giovanni"]
[Black "Gaspari, Mauro"]
[WhiteElo "1709"]
[BlackElo "1983"]
[Result "0-1"]
[PlyCount "70"]
[EventDate "2013.09.10"]

1. e4 c5 2. Nf3 g6 3. d4 cxd4 4. c3 dxc3 5. Nxc3 Bg7 6. Bc4 Nh6 7. O-O O-O 8.
Bf4 d6 9. h3 Be6 10. Bb3 Bxb3 11. axb3 Kh8 12. Qd2 Ng8 13. Rfd1 Nc6 14. Be3 Nf6
15. Ra4 a6 16. Bh6 b5 17. e5 bxa4 18. exf6 exf6 19. bxa4 Ne5 20. Qd5 Nxf3+ 21.
Qxf3 Rb8 22. Rd2 Re8 23. Nd5 Re5 24. Kh2 Rf5 25. Qd3 Qa5 26. b3 Rxb3 27. Qd4
Qc5 28. Ne7 Re5 29. Qxc5 dxc5 30. Nc6 Re6 31. Nd8 Re7 32. Rd6 Rc7 33. Rxa6 c4
34. Nc6 c3 35. Nd4 Rb2 0-1

[Event "II Open"]
[Site "Cortina d'Ampezzo ITA"]
[Date "2013.09.15"]
[Round "7"]
[White "Montalbini, Ezio"]
[Black "Cerusico, Carlo"]
[WhiteElo "1426"]
[BlackElo "1376"]
[Result "1/2-1/2"]
[PlyCount "86"]
[EventDate "2013.09.10"]

1. e4 e6 2. d4 d5 3. e5 c5 4. Nf3 a6 5. Be2 Nc6 6. c3 cxd4 7. Nxd4 Nxe5 8. Bf4
Bd6 9. O-O Nf6 10. Nd2 O-O 11. Bg5 Ned7 12. c4 Qc7 13. N2f3 Re8 14. Qc2 e5 15.
Nf5 Bc5 16. Rac1 d4 17. Bd1 e4 18. N3xd4 Qe5 19. Be3 Nf8 20. Ng3 Bxd4 21. Bxd4
Qxd4 22. Be2 Bd7 23. Rcd1 Qe5 24. Rfe1 Rac8 25. b3 b5 26. Bf1 Bc6 27. Re2 bxc4
28. b4 Nd5 29. Rxe4 Qc3 30. Qe2 Rxe4 31. Nxe4 Qxb4 32. Qg4 Bd7 33. Qg5 Be6 34.
Rxd5 Bxd5 35. Nf6+ Kh8 36. Nh5 Qc3 37. Qxd5 Ne6 38. Qb7 Rf8 39. Qxa6 Qe1 40.
Qxc4 h6 41. a4 Ra8 42. g3 Qa1 43. Qc6 Qxa4 1/2-1/2

[Event "II Open"]
[Site "Cortina d'Ampezzo ITA"]
[Date "2013.09.15"]
[Round "7"]
[White "Senesi, Glauco"]
[Black "Di Cicco, Daniela"]
[WhiteElo "1748"]
[BlackElo "1422"]
[Result "1-0"]
[PlyCount "95"]
[EventDate "2013.09.10"]

1. d4 d5 2. c4 e6 3. Nc3 Nf6 4. Nf3 h6 5. Bf4 c6 6. h3 Be7 7. e3 O-O 8. Qd3 Bd6
9. Ne5 Nbd7 10. Nxf7 Rxf7 11. Bxd6 Kh8 12. Qg6 Qg8 13. Be2 Nf8 14. Qg3 Bd7 15.
Bd3 Re8 16. O-O-O g6 17. Ne2 Ne4 18. Be5+ Kh7 19. Bxe4 dxe4 20. Nc3 Bc8 21.
Nxe4 Nd7 22. Bf4 Ref8 23. h4 Nf6 24. Ng5+ Kg7 25. Nxf7 Qxf7 26. Be5 Kh7 27. Qf3
h5 28. Bxf6 Qxf6 29. Qxf6 Rxf6 30. f3 Rf5 31. e4 Ra5 32. a3 b5 33. c5 Ra4 34.
Kb1 b4 35. axb4 Rxb4 36. Rd3 a5 37. Kc2 a4 38. Ra1 Ba6 39. Rd2 Bb5 40. Ra3 Kg7
41. d5 Rc4+ 42. Rc3 exd5 43. exd5 Rxh4 44. d6 Ba6 45. d7 Kh6 46. d8=Q Rh1 47.
f4 Re1 48. Qh8# 1-0

[Event "II Open"]
[Site "Cortina d'Ampezzo ITA"]
[Date "2013.09.15"]
[Round "7"]
[White "Velluti, Alberto"]
[Black "Bender, Dirk"]
[WhiteElo "1923"]
[BlackElo "2046"]
[Result "1/2-1/2"]
[PlyCount "75"]
[EventDate "2013.09.10"]

1. e4 c5 2. Nf3 g6 3. d4 cxd4 4. Nxd4 Bg7 5. Nc3 Nc6 6. Be3 Nf6 7. Qd2 Ng4 8.
Nxc6 dxc6 9. Qxd8+ Kxd8 10. Bd2 Bd4 11. Nd1 f5 12. f3 Nf6 13. Bc3 Bxc3+ 14.
Nxc3 fxe4 15. O-O-O+ Kc7 16. Nxe4 Nxe4 17. fxe4 Bg4 18. Rd2 Rad8 19. Bc4 b5 20.
Rxd8 Rxd8 21. Bd3 Rf8 22. Rf1 Rxf1+ 23. Bxf1 Kd6 24. Kd2 Ke5 25. Ke3 a5 26. c3
Be6 27. a3 Bb3 28. Be2 Bc2 29. Bf3 a4 30. g3 g5 31. Bg2 g4 32. Bh1 c5 33. Bg2
c4 34. Bh1 Bd3 35. Bg2 h6 36. Bh1 Bf1 37. Kf2 Bd3 38. Ke3 1/2-1/2

[Event "II Open"]
[Site "Cortina d'Ampezzo ITA"]
[Date "2013.09.15"]
[Round "7"]
[White "Zangrando, Gianpietro"]
[Black "Ravagnani, Tiziano"]
[WhiteElo "1811"]
[BlackElo "1984"]
[Result "1-0"]
[PlyCount "97"]
[EventDate "2013.09.10"]

1. Nf3 Nf6 2. c4 g6 3. Nc3 d5 4. d4 Bg7 5. cxd5 Nxd5 6. e4 Nxc3 7. bxc3 c5 8.
Be3 Nc6 9. Bc4 O-O 10. O-O Bg4 11. Rb1 cxd4 12. cxd4 Bxf3 13. Qxf3 Nxd4 14.
Bxd4 Qxd4 15. Bd5 Rab8 16. Rfd1 Qa4 17. Rbc1 e6 18. Bb3 Qa5 19. Rd7 Rbc8 20.
Rcd1 Rc7 21. g3 Rxd7 22. Rxd7 Qb6 23. Qd3 h5 24. h4 Qc6 25. Rd6 Qc1+ 26. Kg2 g5
27. Rd7 gxh4 28. gxh4 Qf4 29. Qf3 Qxf3+ 30. Kxf3 Rb8 31. Kg3 Be5+ 32. f4 Bc3
33. Bd1 Be1+ 34. Kh3 f5 35. exf5 exf5 36. Bxh5 Rc8 37. Bf7+ Kf8 38. h5 Rc3+ 39.
Kg2 Rg3+ 40. Kf1 Bd2 41. Bg6 Bxf4 42. Rxb7 Rf3+ 43. Ke2 Re3+ 44. Kf2 Rh3 45.
Kg2 Rg3+ 46. Kf2 Ra3 47. Rf7+ Kg8 48. Rxf5 Rxa2+ 49. Kf3 1-0